| 000 | 00932nam a22002657a 4500 | ||
|---|---|---|---|
| 003 | URS | ||
| 005 | 20260414152417.0 | ||
| 008 | 260414b |||||||| |||| 00| 0 eng d | ||
| 020 | _a9780323878104 | ||
| 040 |
_bEnglish _erda _cURS |
||
| 050 | 0 | 0 |
_aQR41.2 _b.M961 2024 |
| 100 | 1 |
_aMurray, Patrick R., _eauthor. |
|
| 240 | 1 | 0 | _aBasic medical microbiology |
| 245 | 1 | 0 |
_aMurray's basic medical microbiology / _cPatrick R. Murray, PhD, Emeritus Professor, University of Maryland School of Medicine, Baltimore, MD, United States. |
| 250 | _aSecond edition. | ||
| 264 | 1 |
_aPhiladelphia, PA : _bElsevier, _c[2024] |
|
| 300 |
_aix, 292 pages : _bcolor illustrations ; _c24 cm. |
||
| 336 |
_atext _btxt _2rdacontent |
||
| 337 |
_aunmediated _bn _2rdamedia |
||
| 338 |
_avolume _bnc _2rdacarrier |
||
| 504 | _aIncludes bibliographical references and index. | ||
| 650 | 0 | _aMicrobiology. | |
| 650 | 0 | _aMedical microbiology. | |
| 942 |
_2lcc _cR |
||
| 999 |
_c99832 _d99829 |
||